01109 2200337 4500001002100000005001500021035002000036007000300056008004100059020002200100040002200122082001600144084001600160090002000176090002200196245007700218250003900295300004400334650004200378700002100420850001200441110007600453504002900529264003500558336002100593337003000614338002300644999002200667505006000689990002200749INLIS00000000085447520200225075243 a0010-0220000645ta200225r20192018yoia g | ind d a978-602-5753-56-5 aYOPDYOGbinderda04223a342.035 a342.035 AMA aDEP 342.035 AMA aCB-D.11 2019-20680 aAmandemen UUD 1945 :bNKRI harga mati + perppu ormas /cpenyunting, Alex aCetakan kedua, 2019 (edisi update) avi, 254 halaman :btabel, foto ;c18 cm 4aUndang-undang Dasar 1945--xAmandemen0 aAlexePenyunting aYOPDYOG0 aYogyakarta. Tim Pustaka YustisiaePenyusunf2019gBadan Penanggungjawab aBibliografi: halaman 25431aYogyakarta :bCakrawala,c2019 2rdacontentateks 2rdamediaatanpa perantara 2rdacarrieravolume aCB-D.11/2019-2068 aBuku berisi Amandemen UUD 1945 beserta pengetahuan umum aCB-D.11/2019-2068